• 首页
  • 本馆介绍
  • 公告通知
  • 最新文献
  • 馆藏检索
  • 电子资源
  • 读者导购
  • 参考咨询
  • 我的图书馆
  • 登录
  • 详细信息显示
  • 放入我的书架
  • 预约/预借图书
  • 作者相关作品
  • 分类相关作品
  • 丛书相关作品
  • 出版社相关作品

书目信息

  • 表格格式
  • 工作单格式
  • 卡片格式
题名:
2016年考研核心考点命题思路解密
    
 
作者: ;梦享团队 编
分册:   数据结构
出版信息: 北京   北京邮电大学出版社  2015
页数: 287页
开本: 26cm
丛书名:
单 册:
中图分类: G643.6 , TP311.12
科图分类:
主题词: 数据结构--升学参考资料--入学考试--研究生
电子资源:
ISBN: 978-7-5635-4297-0
000 01017nam0 2200265 450
001 3467
005 20160926144321.29
010    @a978-7-5635-4297-0@b平装@dCNY39.00
100    @a20150508d2015 em y0chiy50 ea
101 0  @achi
102    @aCN@b110000
105    @ay zq 000yy
200 1  @a2016年考研核心考点命题思路解密@92016 nian kao yan he xin kao dian ming ti si lu jie mi@i数据结构@f梦享团队编
210    @a北京@c北京邮电大学出版社@d2015
215    @a287页@d26cm
300    @a梦享考研系列
312    @a分辑英文题名:Data structure
330    @a本书严格按照最新计算机考研408统考大纲的数据结构部分编写,涵盖大纲指定的所有考试内容。本书对统考大纲所涉及的知识点进行深入剖析和总结,并精心策划和部署每一个章节,对每一个章节的考点做了独家策划。
510 1  @aData structure@zeng
606 0  @a数据结构@j升学参考资料@x入学考试@x研究生
690    @aG643.6@v5
690    @aTP311.12@v5
711 02 @a梦享团队@9meng xiang tuan dui@4编
801  0 @aCN@b唐山师范学院图书馆@c20151001
905    @aZUCC@dG643.6@e787
    
    2016年考研核心考点命题思路解密.数据结构/梦享团队编.-北京:北京邮电大学出版社,2015
    287页;26cm
    梦享考研系列
    
    ISBN 978-7-5635-4297-0(平装):CNY39.00
    本书严格按照最新计算机考研408统考大纲的数据结构部分编写,涵盖大纲指定的所有考试内容。本书对统考大纲所涉及的知识点进行深入剖析和总结,并精心策划和部署每一个章节,对每一个章节的考点做了独家策划。
●
相关链接 在E读中查询图书 在五车中查询图书 在当当中查询图书 在豆瓣中查询图书


正题名:2016年考研核心考点命题思路解密     索取号:G643.6/787         预约/预借

序号 登录号 条形码 馆藏地/架位号 状态 备注
1 904974   209049741   第一样本阅览室/ [索取号:G643.6/787] 在馆    
2 904975   209049750   第四借阅区/ [索取号:G643.6/787] 在馆    
3 904976   209049769   第四借阅区/ [索取号:G643.6/787] 在馆    
4 904977   209049778   第四借阅区/ [索取号:G643.6/787] 在馆    
5 904978   209049787   第四借阅区/ [索取号:G643.6/787] 在馆    
唐山师范学院图书馆 欢迎您!
大连网信软件有限公司© 版权所有